[Event "Copenhagen Ch"]
[Site "Copenhagen"]
[Date "2004.10.09"]
[Round "1"]
[White "Lund, Silas"]
[Black "Jensen, Soren"]
[Result "1-0"]
[WhiteElo "2307"]
[BlackElo "2047"]
[PlyCount "107"]
[EventDate "2004.??.??"]
[EventType "swiss"]
[EventRounds "9"]
[EventCountry "DEN"]

1. d4 Nf6 2. c4 e6 3. g3 d5 4. Bg2 Be7 5. Nf3 O-O 6. O-O dxc4 7. Qc2 a6 8. a4
Bd7 9. Qxc4 Bc6 10. Bg5 Bd5 11. Qc2 Be4 12. Qd1 c5 13. dxc5 Bxc5 14. Nbd2 Bc6
15. Nb3 Bb4 16. Qxd8 Rxd8 17. Ne5 Bxg2 18. Kxg2 Rd5 19. Bxf6 gxf6 20. Nc4 Nd7
21. Rfd1 Rxd1 22. Rxd1 Nc5 23. Nb6 Re8 24. Nxc5 Bxc5 25. Nd7 Be7 26. Rc1 Kg7
27. Rc7 b5 28. axb5 axb5 29. Rb7 b4 30. Kf3 Bd6 31. Rb6 Be7 32. Nb8 Rd8 33. Rb7
Bf8 34. Nd7 Be7 35. e3 Bd6 36. Ke2 Ra8 37. Nb6 Ra1 38. Nc4 Bf8 39. Rd7 Rc1 40.
Na5 Kg6 41. Nb3 Rb1 42. Rd2 f5 43. Nd4 Bg7 44. f4 Bxd4 45. exd4 Rc1 46. d5 exd5
47. Rxd5 Rc2+ 48. Rd2 Rc4 49. Rd6+ Kg7 50. Kd3 Re4 51. Rd4 Re1 52. Rxb4 Rh1 53.
Kc3 Rxh2 54. Rd4 1-0

[Event "Copenhagen Ch"]
[Site "Copenhagen"]
[Date "2004.10.16"]
[Round "8"]
[White "Lund, Silas"]
[Black "Skovgaard, Peter Nicolai"]
[Result "1/2-1/2"]
[WhiteElo "2307"]
[BlackElo "2137"]
[PlyCount "102"]
[EventDate "2004.??.??"]
[EventType "swiss"]
[EventRounds "9"]
[EventCountry "DEN"]

1. d4 Nf6 2. c4 c5 3. d5 e5 4. Nc3 d6 5. e4 Be7 6. Bd3 O-O 7. h3 Ne8 8. Nf3 g6
9. Bh6 Ng7 10. g4 Bd7 11. Qe2 Na6 12. a3 Rb8 13. O-O-O Nc7 14. Rdg1 Qc8 15. Nd2
b5 16. cxb5 c4 17. Nxc4 Nxb5 18. Nxb5 Bxb5 19. Kb1 Qa6 20. Rg3 Rfc8 21. Rc1 Ne8
22. Bd2 Nf6 23. Na5 Rxc1+ 24. Kxc1 Bxd3 25. Rxd3 Bd8 26. Re3 Rb5 27. Nc6 Bb6
28. Rc3 Bd4 29. Rc2 Nd7 30. Bb4 Bc5 31. Kb1 Qb7 32. Qf3 Qb6 33. Bxc5 Rxc5 34.
Qe3 Kg7 35. Rxc5 Nxc5 36. g5 Qb5 37. Qf3 Qf1+ 38. Ka2 Qc4+ 39. Kb1 Nxe4 40. Qe3
Qxd5 41. Nxa7 Nd2+ 42. Kc2 Nc4 43. Qc3 Qe4+ 44. Kb3 Nb6 45. Ka2 Nd5 46. Qc6 Qd3
47. Nb5 Ne7 48. Qxd6 Qxb5 49. Qxe7 Qd5+ 50. Kb1 Qd1+ 51. Ka2 Qd5+ 1/2-1/2

[Event "Copenhagen Ch"]
[Site "Copenhagen"]
[Date "2004.10.11"]
[Round "3"]
[White "Lund, Silas"]
[Black "Aabling Thomsen, Jakob"]
[Result "0-1"]
[WhiteElo "2307"]
[BlackElo "2136"]
[PlyCount "96"]
[EventDate "2004.??.??"]
[EventType "swiss"]
[EventRounds "9"]
[EventCountry "DEN"]

1. d4 Nf6 2. c4 e6 3. Nc3 Bb4 4. e3 b6 5. Nf3 Bb7 6. Bd3 O-O 7. O-O d5 8. Qe2
Nbd7 9. a3 Bxc3 10. bxc3 Re8 11. cxd5 exd5 12. Bb2 Ne4 13. Rac1 Nd6 14. Rfe1 c5
15. a4 Rc8 16. Ba3 Qf6 17. Nd2 Bc6 18. Bb5 Bxb5 19. axb5 Qe6 20. Qd3 Nf6 21.
dxc5 bxc5 22. Red1 c4 23. Qb1 Nde4 24. Nxe4 Nxe4 25. Qc2 Rb8 26. Rb1 Rb7 27. f3
Nf6 28. Bc5 Reb8 29. Qa4 Qd7 30. Bd4 Ne8 31. Be5 Rd8 32. Bd4 Nd6 33. Rb4 Nxb5
34. Rdb1 Nxd4 35. Qxd7 Nxf3+ 36. gxf3 Rbxd7 37. Rb8 g6 38. Rxd8+ Rxd8 39. Rb7
Ra8 40. Rd7 a5 41. Rxd5 a4 42. Rd2 a3 43. Ra2 Kf8 44. Kf2 Ke7 45. e4 Kd6 46.
Ke3 Kc5 47. f4 Kb5 48. Kd4 Rd8+ 0-1

[Event "Copenhagen Ch"]
[Site "Copenhagen"]
[Date "2004.10.09"]
[Round "1"]
[White "Madhy, Nezar"]
[Black "Auchenberg, Per"]
[Result "0-1"]
[WhiteElo "1640"]
[BlackElo "2088"]
[PlyCount "44"]
[EventDate "2004.??.??"]
[EventType "swiss"]
[EventRounds "9"]
[EventCountry "DEN"]

1. d4 f5 2. e4 fxe4 3. Nc3 Nf6 4. Bg5 g6 5. Bxf6 exf6 6. Nxe4 Bh6 7. Bd3 O-O 8.
g4 d5 9. Ng3 Qe7+ 10. Kf1 Qb4 11. c3 Qxb2 12. h4 Bf4 13. Rb1 Qd2 14. Qf3 Bxg4
15. Qxd5+ Kh8 16. Be2 Bxg3 17. fxg3 Bxe2+ 18. Nxe2 Nc6 19. Rxb7 Rae8 20. Qf3
Re3 21. Qxc6 Qxe2+ 22. Kg1 Rxg3+ 0-1

[Event "Copenhagen Ch"]
[Site "Copenhagen"]
[Date "2004.10.11"]
[Round "3"]
[White "Madhy, Nezar"]
[Black "Joensen, Hjalmar"]
[Result "0-1"]
[WhiteElo "1640"]
[BlackElo "1388"]
[PlyCount "79"]
[EventDate "2004.??.??"]
[EventType "swiss"]
[EventRounds "9"]
[EventCountry "DEN"]

1. d4 Nf6 2. c4 g6 3. g3 Bg7 4. Bg2 O-O 5. Nf3 d6 6. O-O Nc6 7. Nc3 Re8 8. Re1
e5 9. d5 Ne7 10. e4 Nd7 11. b4 f5 12. Ng5 Nf6 13. Qb3 fxe4 14. c5 Nf5 15. Ncxe4
Nd4 16. Qc4 h6 17. Nxf6+ Qxf6 18. Ne4 Qe7 19. Bb2 Nf5 20. f4 Qd8 21. fxe5 Bxe5
22. Bxe5 Rxe5 23. Re2 Kh8 24. Rae1 Bd7 25. cxd6 cxd6 26. Nxd6 Qb6+ 27. Kh1 Rxe2
28. Nf7+ Kg8 29. Nxh6+ Nxh6 30. Qxe2 Re8 31. Qd2 Rxe1+ 32. Qxe1 Qd4 33. h3 Nf5
34. Kh2 Ne3 35. Qg1 Qd2 36. a3 Bf5 37. Kh1 Nxg2 38. Qxg2 Qe1+ 39. Kh2 Be4 40.
Qg1 0-1

[Event "Copenhagen Ch"]
[Site "Copenhagen"]
[Date "2004.10.14"]
[Round "6"]
[White "Madhy, Nezar"]
[Black "Sandbech, Ted"]
[Result "1/2-1/2"]
[WhiteElo "1640"]
[BlackElo "1815"]
[PlyCount "151"]
[EventDate "2004.??.??"]
[EventType "swiss"]
[EventRounds "9"]
[EventCountry "DEN"]

1. d4 d5 2. c4 c6 3. Nf3 Nf6 4. Nc3 e6 5. e3 Bb4 6. Qb3 Qa5 7. Bd2 dxc4 8. Bxc4
b5 9. Bd3 Nd5 10. Ne4 Bxd2+ 11. Nfxd2 O-O 12. a3 Nd7 13. Rc1 Ne7 14. Qc2 g6 15.
O-O Bb7 16. Nd6 Rab8 17. Nb3 Qd8 18. Nxb7 Rxb7 19. Nc5 Nxc5 20. Qxc5 Qd5 21.
Qc2 Rc8 22. Qd2 Qh5 23. Rc5 Qh6 24. Rfc1 Rd8 25. Be4 Nf5 26. Rxc6 Nxd4 27. Rc8
Rbd7 28. Rxd8+ Rxd8 29. Qa5 Rf8 30. Rd1 Nf5 31. Qxa7 Qh5 32. Bf3 Qg5 33. Qc5
Qf6 34. Qxb5 Rc8 35. Qe2 Rb8 36. b4 Nh4 37. Bc6 Qg5 38. g3 Nf5 39. b5 Ne7 40.
a4 Nxc6 41. bxc6 Qc5 42. Qf3 Rc8 43. Rd7 Qc1+ 44. Kg2 Qxc6 45. Rxf7 Qxa4 46.
Qf6 Qe4+ 47. Kh3 Qf5+ 48. g4 Qxf6 49. Rxf6 Re8 50. Kg3 e5 51. h4 Kg7 52. g5 Re7
53. Kf3 Ra7 54. Re6 Ra5 55. Re7+ Kg8 56. Re8+ Kg7 57. Re7+ Kg8 58. Ke4 Ra4+ 59.
Kxe5 Rxh4 60. Kf6 Kf8 61. Rf7+ Ke8 62. Kg7 Rh2 63. Rf8+ Ke7 64. Rf7+ Ke6 65.
Rf8 Kd7 66. e4 Ke6 67. f4 Rh5 68. f5+ gxf5 69. Rxf5 Rh4 70. Rf8 Rg4 71. Re8+
Kd6 72. Kf6 Rf4+ 73. Kg7 Rg4 74. Kh6 Rh4+ 75. Kg7 Rg4 76. Kxh7 1/2-1/2

[Event "Copenhagen Ch"]
[Site "Copenhagen"]
[Date "2004.10.15"]
[Round "7"]
[White "Madhy, Nezar"]
[Black "Pedersen, Steen"]
[Result "1-0"]
[WhiteElo "1640"]
[BlackElo "1958"]
[PlyCount "139"]
[EventDate "2004.??.??"]
[EventType "swiss"]
[EventRounds "9"]
[EventCountry "DEN"]

1. d4 Nf6 2. c4 g6 3. g3 Bg7 4. Bg2 O-O 5. Nf3 d6 6. O-O Nbd7 7. Nc3 e5 8. Qc2
c6 9. Rd1 Qe7 10. Bg5 h6 11. dxe5 dxe5 12. Bxf6 Nxf6 13. e4 Bg4 14. Rd2 Bxf3
15. Bxf3 Rad8 16. Rad1 Rxd2 17. Qxd2 Rc8 18. a3 Rc7 19. Qe3 b6 20. Rd3 Rd7 21.
Qd2 Qd8 22. Rxd7 Qxd7 23. Qxd7 Nxd7 24. Bg4 Nc5 25. b4 Nb3 26. Bd7 Nd4 27. b5
cxb5 28. cxb5 Nb3 29. Nd5 Bf8 30. Nf6+ Kg7 31. Ne8+ Kh8 32. Nf6 h5 33. Be8 Kg7
34. Nd7 Bd6 35. a4 Nd4 36. f4 f6 37. f5 gxf5 38. exf5 Nxf5 39. Bxh5 Ne3 40. Kf2
Nd5 41. Bd1 Nc3 42. Bb3 Kg6 43. Ke3 f5 44. Kd3 Ne4 45. Ke3 Ng5 46. h4 f4+ 47.
gxf4 exf4+ 48. Kd4 Nf3+ 49. Kd5 Bc7 50. h5+ Kxh5 51. Bd1 Kg4 52. Ke4 Bd6 53.
Bxf3+ Kg3 54. Nf6 Kh4 55. Ne8 Bb8 56. Ng7 Bc7 57. Ne6 Bb8 58. Nxf4 Kg5 59. Nd5
Kg6 60. Ne7+ Kf6 61. Nc6 Bh2 62. Nxa7 Ke6 63. Nc8 Bg1 64. Bg4+ Kf7 65. Bd7 Kg6
66. Kd5 Kf6 67. Kc6 Bf2 68. Nxb6 Ke7 69. Bg4 Be1 70. Nd5+ 1-0

[Event "Copenhagen Ch"]
[Site "Copenhagen"]
[Date "2004.10.15"]
[Round "7"]
[White "Madsen, Poul Henrik"]
[Black "Nielsen, Thomas"]
[Result "1-0"]
[WhiteElo "2098"]
[BlackElo "1994"]
[PlyCount "65"]
[EventDate "2004.??.??"]
[EventType "swiss"]
[EventRounds "9"]
[EventCountry "DEN"]

1. d4 d5 2. Nf3 e6 3. e3 c5 4. b3 cxd4 5. exd4 Nc6 6. a3 Nf6 7. Bd3 Qc7 8. O-O
Bd6 9. Bb2 O-O 10. Qe2 g6 11. c4 Nh5 12. g3 b6 13. Nc3 dxc4 14. bxc4 Ba6 15.
Ne4 Be7 16. d5 exd5 17. cxd5 Bxd3 18. Qxd3 Na5 19. Qd4 f6 20. d6 Bxd6 21. Nxd6
Rad8 22. Rad1 Qc6 23. Nh4 Rd7 24. Rfe1 Rfd8 25. Re6 Nb7 26. Rxf6 Nxf6 27. Qxf6
Nxd6 28. Qh8+ Kf7 29. Qxh7+ Ke6 30. Qxg6+ Ke7 31. Qf6+ Ke8 32. Re1+ Re7 33.
Qxe7# 1-0

[Event "Copenhagen Ch"]
[Site "Copenhagen"]
[Date "2004.10.13"]
[Round "5"]
[White "Madsen, Poul Henrik"]
[Black "Hansen, Alexei"]
[Result "0-1"]
[WhiteElo "2098"]
[BlackElo "2047"]
[PlyCount "80"]
[EventDate "2004.??.??"]
[EventType "swiss"]
[EventRounds "9"]
[EventCountry "DEN"]

1. d4 f5 2. g3 Nf6 3. Bg2 d5 4. c4 e6 5. Nc3 c6 6. Nh3 Be7 7. Bf4 O-O 8. O-O
Nbd7 9. Ng5 Nb8 10. Qb3 h6 11. Nxe6 Bxe6 12. Qxb7 Qd7 13. Qxa8 Na6 14. Qxf8+
Bxf8 15. c5 Qb7 16. Rab1 Qb4 17. Rfd1 Kf7 18. e3 Ne4 19. Ne2 g5 20. Be5 Bg7 21.
Nc1 Qb7 22. Nd3 Nb4 23. f3 Nxd3 24. Bxg7 Nef2 25. Rd2 Kxg7 26. b4 Qb5 27. Bf1
Qa4 28. Rb3 f4 29. Bxd3 Nxd3 30. Rdxd3 Qxa2 31. g4 Qe2 32. exf4 gxf4 33. Ra3
Kf6 34. h4 Bc8 35. Rdb3 Qe1+ 36. Kg2 a6 37. Ra2 Qg3+ 38. Kf1 Bxg4 39. Rxa6 Bh3+
40. Ke2 Qg2+ 0-1

[Event "Copenhagen Ch"]
[Site "Copenhagen"]
[Date "2004.10.11"]
[Round "3"]
[White "Madsen, Poul Henrik"]
[Black "Jensen, Soren"]
[Result "1-0"]
[WhiteElo "2098"]
[BlackElo "2047"]
[PlyCount "43"]
[EventDate "2004.??.??"]
[EventType "swiss"]
[EventRounds "9"]
[EventCountry "DEN"]

1. d4 Nf6 2. Nf3 e6 3. e3 c5 4. Bd3 b6 5. O-O Bb7 6. b3 Be7 7. Bb2 O-O 8. c4
cxd4 9. exd4 d5 10. Nbd2 Nc6 11. Rc1 Rc8 12. Re1 Re8 13. Ne5 dxc4 14. Nxc6 Bxc6
15. bxc4 Qd6 16. Re3 Qf4 17. d5 exd5 18. cxd5 Bd7 19. Rxc8 Bxc8 20. Be5 Qg4 21.
Qc2 g6 22. Bxf6 1-0

[Event "Copenhagen Ch"]
[Site "Copenhagen"]
[Date "2004.10.09"]
[Round "1"]
[White "Madsen, Poul Henrik"]
[Black "Sandbech, Ted"]
[Result "1-0"]
[WhiteElo "2098"]
[BlackElo "1815"]
[PlyCount "123"]
[EventDate "2004.??.??"]
[EventType "swiss"]
[EventRounds "9"]
[EventCountry "DEN"]

1. d4 d5 2. Nf3 c5 3. e3 Nc6 4. c3 cxd4 5. exd4 Nf6 6. Bg5 e6 7. Bd3 Be7 8.
Nbd2 O-O 9. O-O Ng4 10. Bf4 Nf6 11. Ne5 g6 12. Bh6 Re8 13. Ndf3 Nxe5 14. Nxe5
Nd7 15. f4 Bf8 16. Bg5 Be7 17. Qg4 f5 18. Qh4 Nxe5 19. Bxe7 Qxe7 20. Qxe7 Rxe7
21. fxe5 Bd7 22. Kf2 b5 23. h4 h5 24. Ke3 a5 25. b3 Rc8 26. Rfc1 Be8 27. c4
Rec7 28. c5 Bc6 29. Kf4 Kg7 30. Kg5 Ra8 31. Rcb1 Rf7 32. Kf4 Rc8 33. Ke3 Kh6
34. Kd2 Rcf8 35. Bc2 Rd8 36. Kc3 Rdf8 37. Rf1 b4+ 38. Kd2 f4 39. Rf3 Bb5 40. a3
Rb7 41. axb4 axb4 42. Bd3 g5 43. Bxb5 g4 44. Rff1 Rxb5 45. Ra6 Kg7 46. Rxe6 Ra5
47. Rf6 Ra2+ 48. Kd3 Rxg2 49. R1xf4 Rxf6 50. exf6+ Kf7 51. Rf5 Rg3+ 52. Kc2
Rg2+ 53. Kd1 g3 54. c6 Rg1+ 55. Kd2 g2 56. Rg5 Ra1 57. c7 Ra8 58. Rxg2 Kxf6 59.
Kd3 Rc8 60. Rc2 Ke6 61. Ke3 Kd7 62. Kf4 1-0

[Event "Copenhagen Ch"]
[Site "Copenhagen"]
[Date "2004.10.10"]
[Round "2"]
[White "Moller, Arne"]
[Black "Madhy, Nezar"]
[Result "1-0"]
[WhiteElo "1935"]
[BlackElo "1640"]
[PlyCount "52"]
[EventDate "2004.??.??"]
[EventType "swiss"]
[EventRounds "9"]
[EventCountry "DEN"]

1. e4 c5 2. b3 Nf6 3. e5 Nd5 4. c4 Nc7 5. Nf3 g6 6. Bb2 Bg7 7. Qc2 O-O 8. Bd3
Nc6 9. a3 Ne6 10. O-O Ned4 11. Nxd4 Nxd4 12. Bxd4 cxd4 13. f4 d6 14. exd6 Qxd6
15. Ra2 e5 16. f5 Bd7 17. Be4 gxf5 18. Bxf5 Bxf5 19. Qxf5 d3 20. Kh1 Qg6 21.
Nc3 Rad8 22. Nd5 Rfe8 23. Raa1 e4 24. Rae1 Re5 25. Qxe5 Qxg2+ 26. Kxg2 Bxe5 1-0

[Event "Copenhagen Ch"]
[Site "Copenhagen"]
[Date "2004.10.14"]
[Round "6"]
[White "Moller, Arne"]
[Black "Al Saad, Mofid"]
[Result "1-0"]
[WhiteElo "1935"]
[BlackElo "1507"]
[PlyCount "127"]
[EventDate "2004.??.??"]
[EventType "swiss"]
[EventRounds "9"]
[EventCountry "DEN"]

1. e4 Nf6 2. e5 Nd5 3. d4 d6 4. exd6 cxd6 5. Nf3 Nc6 6. c3 g6 7. Be2 Bg7 8. O-O
O-O 9. Nbd2 Nf4 10. Ne4 Nxe2+ 11. Qxe2 Bg4 12. h3 Bd7 13. Bf4 Qb6 14. Qd2 Rfd8
15. Rfe1 Re8 16. Bh6 Bh8 17. Rad1 Rad8 18. h4 Bg4 19. Re3 f5 20. Neg5 e5 21.
Rde1 f4 22. R3e2 Ne7 23. Nh3 Bxf3 24. gxf3 Qc6 25. Kg2 Bf6 26. Bg5 Bxg5 27.
hxg5 Nf5 28. d5 Qc4 29. Nxf4 Nh4+ 30. Kg3 Nxf3 31. Kxf3 Rf8 32. Re4 Rxf4+ 33.
Rxf4 exf4 34. Re4 Qxa2 35. Re7 Rf8 36. Qd4 Rf7 37. Re8+ Rf8 38. Rxf8+ Kxf8 39.
Qh8+ Ke7 40. Qxh7+ Kd8 41. Qxb7 Qa5 42. Qa8+ Kd7 43. Qc6+ Ke7 44. b4 Qa3 45.
Qc7+ Ke8 46. Qc8+ Kf7 47. Qe6+ Kg7 48. Qf6+ Kh7 49. Qd4 Qc1 50. Qxa7+ Kg8 51.
Qb8+ Kg7 52. Qc7+ Kg8 53. Qd8+ Kh7 54. Qe7+ Kh8 55. Qf6+ Kh7 56. Qf7+ Kh8 57.
Qf8+ Kh7 58. Qh6+ Kg8 59. Qxg6+ Kh8 60. Qf6+ Kg8 61. Qe6+ Kg7 62. Kg4 Qg1+ 63.
Kf5 Qb1+ 64. Qe4 1-0

[Event "Copenhagen Ch"]
[Site "Copenhagen"]
[Date "2004.10.12"]
[Round "4"]
[White "Moller, Arne"]
[Black "Andersen, Niels Erik"]
[Result "0-1"]
[WhiteElo "1935"]
[BlackElo "1994"]
[PlyCount "74"]
[EventDate "2004.??.??"]
[EventType "swiss"]
[EventRounds "9"]
[EventCountry "DEN"]

1. e4 c5 2. Nf3 d6 3. d4 cxd4 4. Nxd4 Nf6 5. Nc3 a6 6. Be2 e5 7. Nf3 Be7 8. O-O
O-O 9. Bg5 Nbd7 10. Nd2 b5 11. Bf3 Bb7 12. Ne2 d5 13. Ng3 d4 14. Be2 h6 15.
Bxf6 Bxf6 16. Nf5 Nc5 17. Bd3 Bg5 18. Nf3 Bxe4 19. Bxe4 Nxe4 20. Re1 Nd6 21.
Nxd6 Qxd6 22. Rxe5 Bf6 23. Re2 Qb4 24. Rb1 Rac8 25. a3 Qc4 26. b4 Rfe8 27. Rd2
Rcd8 28. Rb3 Re4 29. Rbd3 Rde8 30. h3 Qc7 31. g3 Qc8 32. Kh2 Qf5 33. Ng1 Bg5
34. Rf3 Qe5 35. Rfd3 Re1 36. Qg4 Bxd2 37. Rxd2 Rxg1 0-1

[Event "Copenhagen Ch"]
[Site "Copenhagen"]
[Date "2004.10.16"]
[Round "8"]
[White "Moller, Arne"]
[Black "Madsen, Poul Henrik"]
[Result "0-1"]
[WhiteElo "1935"]
[BlackElo "2098"]
[PlyCount "96"]
[EventDate "2004.??.??"]
[EventType "swiss"]
[EventRounds "9"]
[EventCountry "DEN"]

1. e4 d5 2. exd5 Qxd5 3. Nc3 Qd6 4. d3 Nf6 5. Be2 Nc6 6. Nf3 e5 7. O-O Bf5 8.
Ng5 h6 9. Nge4 Qe6 10. Bf3 O-O-O 11. Ng3 Bg4 12. Bxg4 Nxg4 13. h3 Nf6 14. Re1
g5 15. Nh5 Nxh5 16. Qxh5 Nd4 17. Qd1 Rg8 18. Ne4 f5 19. c3 Nc6 20. Ng3 Qd7 21.
Qf3 f4 22. Ne4 Qxd3 23. Qg4+ Kb8 24. b4 a6 25. a4 h5 26. Qxh5 g4 27. hxg4 Nxb4
28. Qxe5 Nc2 29. Bxf4 Bd6 30. Nxd6 cxd6 31. Qf5 Nxe1 32. Rxe1 Qxc3 33. Rc1 Qd4
34. Qf7 Qg7 35. Qd5 Qxg4 36. Bxd6+ Ka8 37. Rc7 Qb4 38. Bxb4 Rxd5 39. Bc3 b6 40.
g3 Rg4 41. a5 b5 42. Rc6 Kb7 43. Rb6+ Ka7 44. Kg2 Rc4 45. Bf6 b4 46. Be7 Rb5
47. Rd6 b3 48. Rd7+ Rb7 0-1

[Event "Copenhagen Ch"]
[Site "Copenhagen"]
[Date "2004.10.16"]
[Round "8"]
[White "Nielsen, Thomas"]
[Black "Madhy, Nezar"]
[Result "1/2-1/2"]
[WhiteElo "1994"]
[BlackElo "1640"]
[PlyCount "133"]
[EventDate "2004.??.??"]
[EventType "swiss"]
[EventRounds "9"]
[EventCountry "DEN"]

1. c4 b6 2. g3 Bb7 3. Nf3 e5 4. Bg2 f5 5. O-O d6 6. Nc3 Nf6 7. Qc2 g6 8. d3 Bg7
9. b4 O-O 10. c5 e4 11. Ng5 Qe7 12. Rb1 h6 13. Qb3+ d5 14. Nh3 Kh7 15. Ba3 d4
16. Nd1 Bd5 17. Qb2 exd3 18. exd3 Bxg2 19. Kxg2 Qd7 20. Qe2 b5 21. f3 g5 22.
Bb2 Qd5 23. a3 Re8 24. Qf2 Ng4 25. Qd2 Nc6 26. Kg1 Ne3 27. Nxe3 dxe3 28. Qe2
Bxb2 29. Rxb2 Nd4 30. Qg2 e2 31. Re1 Qxf3 32. Kh1 Qxd3 33. Qd5 Qe4+ 34. Qxe4
Rxe4 35. Kg2 f4 36. Ng1 Rf8 37. Nf3 Nxf3 38. Kxf3 Re3+ 39. Kf2 Rxa3 40. gxf4
Rxf4+ 41. Kxe2 Re4+ 42. Kd2 Rxe1 43. Kxe1 a5 44. bxa5 Rxa5 45. c6 b4 46. Rxb4
Rc5 47. h4 Rxc6 48. hxg5 hxg5 49. Kf2 Kg6 50. Kg3 Rc3+ 51. Kg4 Rc1 52. Ra4 Rg1+
53. Kf3 Rf1+ 54. Kg3 Rf7 55. Rc4 Kh5 56. Rc5 Rd7 57. Rc3 Rg7 58. Rc5 Kg6 59.
Kg4 Kf6 60. Rc6+ Ke5 61. Rc5+ Kd4 62. Rc6 Kd5 63. Rc1 c5 64. Rd1+ Kc6 65. Rd8
c4 66. Kf5 c3 67. Rd3 1/2-1/2

[Event "Copenhagen Ch"]
[Site "Copenhagen"]
[Date "2004.10.10"]
[Round "2"]
[White "Nielsen, Thomas"]
[Black "Haagen Larsen, Hans"]
[Result "1/2-1/2"]
[WhiteElo "1994"]
[BlackElo "1885"]
[PlyCount "99"]
[EventDate "2004.??.??"]
[EventType "swiss"]
[EventRounds "9"]
[EventCountry "DEN"]

1. d4 d6 2. c4 g6 3. e4 Bg7 4. Nc3 Nc6 5. Be3 e5 6. Nge2 a6 7. Qd2 f5 8. g3
fxe4 9. Nxe4 Nf6 10. Nxf6+ Qxf6 11. d5 Ne7 12. Bg2 O-O 13. O-O Nf5 14. Bg5 Qf7
15. Rac1 Bd7 16. c5 Bb5 17. Be3 Rae8 18. Rfe1 Bxe2 19. Rxe2 Nd4 20. Bxd4 exd4
21. Rxe8 Rxe8 22. cxd6 cxd6 23. Rc2 Qe7 24. Bh3 Qe1+ 25. Qxe1 Rxe1+ 26. Kg2 h6
27. Be6+ Kh7 28. f4 d3 29. Rd2 Re2+ 30. Rxe2 dxe2 31. Kf2 Bxb2 32. Bc8 b6 33.
Bxa6 e1=N 34. Kxe1 Bd4 35. Ke2 Kg7 36. h4 Kf6 37. Kf3 Bc3 38. g4 Be1 39. h5 g5
40. fxg5+ Kxg5 41. Bc8 Bb4 42. Ke4 Bc5 43. Kd3 Kf6 44. Kc4 Kg5 45. Kb5 Kf6 46.
Kc6 Kg5 47. Kc7 Kf6 48. Kd8 Ba3 49. Be6 Bc5 50. Kd7 1/2-1/2

[Event "Copenhagen Ch"]
[Site "Copenhagen"]
[Date "2004.10.13"]
[Round "5"]
[White "Nielsen, Thomas"]
[Black "Sandbech, Ted"]
[Result "1-0"]
[WhiteElo "1994"]
[BlackElo "1815"]
[PlyCount "57"]
[EventDate "2004.??.??"]
[EventType "swiss"]
[EventRounds "9"]
[EventCountry "DEN"]

1. c4 e5 2. Nc3 f5 3. d4 e4 4. e3 Nf6 5. Qb3 d6 6. Be2 b6 7. Nh3 Be7 8. f3 exf3
9. Bxf3 c6 10. Bd2 O-O 11. O-O-O Bb7 12. Nf4 Qd7 13. h3 c5 14. d5 Na6 15. Ne6
Nb4 16. Ne2 Rfc8 17. a3 Na6 18. Qc2 g6 19. g4 fxg4 20. hxg4 Nc7 21. N2f4 Qe8
22. g5 Nd7 23. Nxc7 Rxc7 24. Ne6 Rcc8 25. Bc3 Ne5 26. Bxe5 dxe5 27. Rxh7 Kxh7
28. Qh2+ Kg8 29. Rh1 1-0

[Event "Copenhagen Ch"]
[Site "Copenhagen"]
[Date "2004.10.14"]
[Round "6"]
[White "Nielsen, Thomas"]
[Black "Thestrup, Sixten"]
[Result "1/2-1/2"]
[WhiteElo "1994"]
[BlackElo "1906"]
[PlyCount "34"]
[EventDate "2004.??.??"]
[EventType "swiss"]
[EventRounds "9"]
[EventCountry "DEN"]

1. d4 d6 2. c4 Nf6 3. Nc3 g6 4. e4 Bg7 5. f3 c6 6. Be3 O-O 7. Qd2 e5 8. d5 cxd5
9. cxd5 a6 10. Bd3 b5 11. Nge2 Nbd7 12. O-O Ne8 13. Kh1 f5 14. exf5 gxf5 15.
Bg5 Bf6 16. Bh6 Bg7 17. Bg5 Bf6 1/2-1/2

[Event "Copenhagen Ch"]
[Site "Copenhagen"]
[Date "2004.10.15"]
[Round "7"]
[White "Nilsson, Nils Specht"]
[Black "Aabling Thomsen, Jakob"]
[Result "0-1"]
[WhiteElo "2115"]
[BlackElo "2136"]
[PlyCount "54"]
[EventDate "2004.??.??"]
[EventType "swiss"]
[EventRounds "9"]
[EventCountry "DEN"]

1. e4 c5 2. Nf3 Nc6 3. Bb5 Nf6 4. e5 Nd5 5. Nc3 Nxc3 6. dxc3 g6 7. O-O Qb6 8.
Bc4 Bg7 9. Re1 O-O 10. Rb1 a6 11. Bf4 Qa5 12. b4 cxb4 13. cxb4 Qc7 14. Bf1 b5
15. Qd2 Nd8 16. Bh6 Bb7 17. Bxg7 Kxg7 18. Rbd1 Bxf3 19. gxf3 Ne6 20. Qxd7 Qxc2
21. Qxe7 Qf5 22. Qh4 Rad8 23. Rxd8 Rxd8 24. Qe4 Qg5+ 25. Qg4 Qd2 26. Qe4 Ng5
27. Qe3 Qxe1 0-1

[Event "Copenhagen Ch"]
[Site "Copenhagen"]
[Date "2004.10.12"]
[Round "4"]
[White "Nilsson, Nils Specht"]
[Black "Lund, Silas"]
[Result "1-0"]
[WhiteElo "2115"]
[BlackElo "2307"]
[PlyCount "81"]
[EventDate "2004.??.??"]
[EventType "swiss"]
[EventRounds "9"]
[EventCountry "DEN"]

1. Nf3 e6 2. d4 d5 3. c4 c6 4. Nc3 dxc4 5. a4 Bb4 6. e4 Nf6 7. Qc2 c5 8. dxc5
Qa5 9. Bd2 Qxc5 10. Nb5 Bxd2+ 11. Nxd2 a6 12. Qxc4 Qxc4 13. Nd6+ Ke7 14. N2xc4
Nbd7 15. Be2 Nc5 16. e5 Nd5 17. O-O Bd7 18. a5 f6 19. exf6+ gxf6 20. Bf3 Bc6
21. Rfe1 Rhd8 22. Nf5+ Kf8 23. Nd4 e5 24. Nxc6 bxc6 25. Nb6 Nxb6 26. axb6 Nb3
27. Ra4 Nd4 28. Rea1 Nb3 29. R1a3 Rd4 30. g3 Rxa4 31. Rxa4 Nd4 32. Be4 f5 33.
Bd3 Rb8 34. Rxa6 Nf3+ 35. Kf1 e4 36. Be2 Nd4 37. Ke1 Ke7 38. Bc4 Kd6 39. Kd2
Kc5 40. Kc3 Nb5+ 41. Bxb5 {Tid.} 1-0

[Event "Copenhagen Ch"]
[Site "Copenhagen"]
[Date "2004.10.14"]
[Round "6"]
[White "Nilsson, Nils Specht"]
[Black "Korolev, Nikolaj"]
[Result "1-0"]
[WhiteElo "2115"]
[BlackElo "2107"]
[PlyCount "81"]
[EventDate "2004.??.??"]
[EventType "swiss"]
[EventRounds "9"]
[EventCountry "DEN"]

1. e4 c5 2. Nf3 Nc6 3. Bb5 g6 4. O-O Bg7 5. Re1 Nf6 6. c3 O-O 7. d4 d5 8. e5
Ne4 9. Nbd2 Bf5 10. Bxc6 bxc6 11. dxc5 Nxc5 12. Nd4 Nd3 13. Re3 Nxe5 14. Nxf5
gxf5 15. Qh5 e6 16. Rh3 h6 17. Nf1 Ng4 18. Rg3 Kh8 19. Rxg4 fxg4 20. Bxh6 Bxh6
21. Qxh6+ Kg8 22. Ng3 Qe7 23. Re1 f6 24. Nh5 e5 25. Qg6+ Kh8 26. Qxg4 Qh7 27.
Qh4 Rab8 28. b3 Rb7 29. g4 Rg7 30. h3 f5 31. Rxe5 fxg4 32. hxg4 Rfg8 33. Qf6
Qg6 34. f3 Kh7 35. Re7 Rxe7 36. Qxe7+ Kh6 37. Ng3 Qb1+ 38. Kg2 Qc2+ 39. Kh3 Rg7
40. Nf5+ Qxf5 41. Qh4+ 1-0

[Event "Copenhagen Ch"]
[Site "Copenhagen"]
[Date "2004.10.10"]
[Round "2"]
[White "Nilsson, Nils Specht"]
[Black "Andersen, Ejnar"]
[Result "1-0"]
[WhiteElo "2115"]
[BlackElo "2048"]
[PlyCount "43"]
[EventDate "2004.??.??"]
[EventType "swiss"]
[EventRounds "9"]
[EventCountry "DEN"]

1. d4 Nf6 2. c4 e6 3. Nc3 d5 4. Nf3 c6 5. e3 Nbd7 6. Bd3 dxc4 7. Bxc4 b5 8. Bd3
Bb7 9. O-O a6 10. Qe2 Qb6 11. e4 g6 12. Be3 b4 13. Na4 Qa5 14. b3 Bg7 15. Rac1
O-O 16. Nc5 Nxc5 17. Rxc5 Qc7 18. Rfc1 Rfd8 19. Ne5 Rd6 20. Nc4 Rd7 21. Na5
Rad8 22. Nxc6 1-0

[Event "Copenhagen Ch"]
[Site "Copenhagen"]
[Date "2004.10.15"]
[Round "7"]
[White "Paaske, Asger"]
[Black "Petersen, Steen"]
[Result "1/2-1/2"]
[WhiteElo "2132"]
[BlackElo "2198"]
[PlyCount "41"]
[EventDate "2004.??.??"]
[EventType "swiss"]
[EventRounds "9"]
[EventCountry "DEN"]

1. e4 e5 2. Nf3 Nc6 3. d4 exd4 4. Bc4 Nf6 5. e5 Ne4 6. Bd5 Nc5 7. O-O Ne6 8. c3
Bc5 9. Qc2 dxc3 10. Qxc3 Ncd4 11. Nxd4 Bxd4 12. Qg3 d6 13. exd6 Qxd6 14. Qxd6
cxd6 15. Rd1 Bc5 16. Nc3 O-O 17. Ne4 Re8 18. Nxc5 Nxc5 19. Bf4 Be6 20. Bxd6
Bxd5 21. Bxc5 1/2-1/2

[Event "Copenhagen Ch"]
[Site "Copenhagen"]
[Date "2004.10.09"]
[Round "1"]
[White "Paaske, Asger"]
[Black "Moller, Arne"]
[Result "1-0"]
[WhiteElo "2132"]
[BlackElo "1935"]
[PlyCount "47"]
[EventDate "2004.??.??"]
[EventType "swiss"]
[EventRounds "9"]
[EventCountry "DEN"]

1. e4 c5 2. Nf3 d6 3. d4 cxd4 4. Nxd4 Nf6 5. Nc3 a6 6. Be3 e6 7. f3 Qc7 8. Qd2
Nc6 9. O-O-O b5 10. g4 Be7 11. g5 Nd7 12. h4 b4 13. Nce2 Nde5 14. Ng3 Bb7 15.
Be2 Rc8 16. Kb1 d5 17. exd5 Nxd4 18. Bxd4 Bxd5 19. Nh5 O-O 20. Rhg1 Bc5 21.
Nf6+ gxf6 22. gxf6+ Kh8 23. Qh6 Rg8 24. Rg7 1-0